Project cost control in action (Record no. 77083)
[ view plain ]
| 000 -LEADER | |
|---|---|
| fixed length control field | 01008nam a2200217 a 4500 |
| 008 - FIXED-LENGTH DATA ELEMENTS--GENERAL INFORMATION | |
| fixed length control field | 120416s1980 ||||||||||||||||| || u |
| 020 ## - INTERNATIONAL STANDARD BOOK NUMBER | |
| International Standard Book Number | 0566021641 |
| 050 ## - LIBRARY OF CONGRESS CALL NUMBER | |
| Classification number | TH 4524 Kha |
| 100 ## - MAIN ENTRY--PERSONAL NAME | |
| Personal name | Stallworthy, E. A |
| 245 10 - TITLE STATEMENT | |
| Title | Project cost control in action |
| 260 ## - PUBLICATION, DISTRIBUTION, ETC. | |
| Place of publication, distribution, etc. | Aldershot, Eng. |
| Name of publisher, distributor, etc. | Gower |
| Date of publication, distribution, etc. | 1980 |
| 300 ## - PHYSICAL DESCRIPTION | |
| Extent | xxii, 273p. : ill. |
| 350 ## - | |
| -- | 0.00 |
| 650 ## - SUBJECT ADDED ENTRY--TOPICAL TERM | |
| Topical term or geographic name entry element | INDUSTRIAL PROJECT MANAGEMENT |
| 650 ## - SUBJECT ADDED ENTRY--TOPICAL TERM | |
| Topical term or geographic name entry element | CHEMICAL PLAN--DESIGN AND CONSTRUCTION--COST CONTROL |
| 700 ## - ADDED ENTRY--PERSONAL NAME | |
| Personal name | Kharbanda, O. P |
| 700 ## - ADDED ENTRY--PERSONAL NAME | |
| Personal name | William, L. F |
| 995 ## - | |
| -- | ANNEX COLLECTION (Main Library) |
| -- | 0.00 |
| -- | 708251 |
| -- | CBU-MAIN LIBRARY (Kitwe) |
| -- | 3 |
| -- | 21.00 |
| -- | TH 4524 Kha |
| -- | 3 |
| -- | AVAILABLE |
| -- | 015349 |
| -- | Annex Low-Usage Collection |
| 995 ## - | |
| -- | ANNEX COLLECTION (Main Library) |
| -- | 0.00 |
| -- | 708252 |
| -- | CBU-MAIN LIBRARY (Kitwe) |
| -- | 2 |
| -- | 21.00 |
| -- | TH 4524 Kha |
| -- | 1 |
| -- | AVAILABLE |
| -- | 015350 |
| -- | Annex Low-Usage Collection |
| 995 ## - | |
| -- | ANNEX COLLECTION (Main Library) |
| -- | 0.00 |
| -- | 705341 |
| -- | CBU-MAIN LIBRARY (Kitwe) |
| -- | 1 |
| -- | 21.00 |
| -- | TH 4524 Kha |
| -- | 2 |
| -- | AVAILABLE |
| -- | 015348 |
| -- | Annex Low-Usage Collection |
| 999 ## - | |
| -- | 77083 |
| -- | 77083 |
| Withdrawn status | Lost status | Source of classification or shelving scheme | Damaged status | Not for loan | Permanent Location | Current Location | Shelving location | Date acquired | Total Checkouts | Full call number | Barcode | Date last seen | Copy number | Price effective from | Koha item type |
|---|---|---|---|---|---|---|---|---|---|---|---|---|---|---|---|
| CBU-MAIN LIBRARY, KITWE. | CBU-MAIN LIBRARY, KITWE. | 04/25/2023 | TH 4524 Kha | 015349 | 04/25/2023 | 1 | 04/25/2023 | MONOGRAPH | |||||||
| Withdrawn | CBU-MAIN LIBRARY, KITWE. | CBU-MAIN LIBRARY, KITWE. | 04/25/2023 | TH 4524 Kha | 015350 | 04/25/2023 | 2 | 04/25/2023 | MONOGRAPH | ||||||
| CBU-MAIN LIBRARY, KITWE. | CBU-MAIN LIBRARY, KITWE. | 04/25/2023 | TH 4524 Kha | 015348 | 04/25/2023 | 3 | 04/25/2023 | MONOGRAPH |